000 00669nam a2200265Ia 4500
005 20260302115611.0
008 008 260114s9999 xx 000 0 eng d
020 _a9781408166390
037 _aTextbook
040 _aCRL
040 _beng
040 _cCRL
041 _2eng
041 _aeng
084 _qCRL
100 _aR. Darren Gobert
_91122105
245 4 _aThe Theatre of Caryl Churchill
260 _bBloomsbury
260 _bMethuen Drama
260 _c2014
650 _aLiterary Studies
856 _uhttps://doi.org/10.5040/9781408166390?locatt=label:secondary_bloomsburyCollections
942 _cEBOOK
999 _c1686797
_d1686797